| 000 | 00516nam a2200157 a 4500 | ||
|---|---|---|---|
| 001 | 000030884 | ||
| 005 | 20200930062552.0 | ||
| 008 | 110603s1958 dr 000 | spa d | ||
| 040 |
_aDO-SdBNP _bspa _cBNPHU |
||
| 082 |
_axxx _bS677p |
||
| 100 | 1 |
_aSoba, José G. _936821 |
|
| 245 | 1 | 0 | _aProgreso sanitario de la República Dominicana en la era de Trujillo. |
| 260 |
_aCiudad Trujillo, República Dominicana : _bSecretaría de Estado de Salud y Prevision Social, _c1958. |
||
| 300 |
_a14 p. ; _c23 cm. |
||
| 049 | _aBNPD | ||
| 999 |
_c30376 _d30376 |
||